|
|
|
|
| LEADER |
00000nab a2200000 a 4500 |
| 001 |
vtls000520668 |
| 003 |
SK-MaSNL |
| 005 |
20260304095111.0 |
| 008 |
250425c1994 xo 0 slo |
| 015 |
|
|
|a SNBRB19rr/mm-uuuuu
|
| 035 |
|
|
|a CL0520806
|
| 035 |
|
|
|a urn:nbn:sk:snk-ab1mlf
|
| 035 |
|
|
|a (urnnbn)urn:nbn:sk:snk:ar-004kbi
|
| 035 |
|
|
|a (uuid)a6919f57-4f27-4a5d-b17b-1ba9022327b4
|
| 040 |
|
|
|a SNKBUCL
|b slo
|c SNKBUCL
|e AACR2
|
| 041 |
0 |
|
|a slo
|
| 044 |
|
|
|a xo
|c SK
|
| 080 |
|
|
|a 801.318
|2 1981
|
| 100 |
1 |
|
|a Skladaná, Jana,
|d 1942-
|4 aut
|9 103459
|
| 245 |
1 |
0 |
|a Odraz vývinu jazyka a spoločnosti vo frazeológii
|c Jana Skladaná
|
| 504 |
|
|
|b Lit. 5 zázn. v ruš., slov.
|
| 650 |
0 |
7 |
|a jazyk
|2 snkbucl
|9 22980
|
| 650 |
0 |
7 |
|a spoločnosť
|2 snkbucl
|9 1013
|
| 650 |
0 |
7 |
|a frazeológia
|2 snkbucl
|9 1507
|
| 773 |
0 |
|
|t Kultúra slova
|g Roč. 28, č. 2 (1994), s. 81-84
|
| 850 |
|
|
|a Slovenská národná knižnica
|
| 852 |
|
|
|a Slovenská národná knižnica
|
| 954 |
|
|
|a odborná, vedecká literatúra pôvodná (slovenská)
|2 lita
|
| 958 |
|
|
|a article27
|
| 958 |
|
|
|a OND
|
| 958 |
|
|
|a NB
|
| 958 |
|
|
|a EUIPO
|
| 999 |
|
|
|c 2830713
|d 2832643
|